| Tag |
First Indicator |
Second Indicator |
Subfields |
| LEADER |
00000cam a22000008a 4500 |
| 001 |
in00000088921 |
| 005 |
20151008063324.0 |
| 008 |
810611s1981 wiua b 00010 eng |
| 010 |
|
|
|a 81050822
|
| 020 |
|
|
|a 0299087603 :
|c $15.00
|
| 020 |
|
|
|a 0299087646 (pbk.) :
|c $5.95
|
| 035 |
|
|
|a (OCoLC)07571858
|
| 035 |
|
|
|9 AAK2010AM
|
| 039 |
0 |
|
|a 2
|b 3
|c 3
|d 3
|e 3
|
| 040 |
|
|
|a DLC
|c DLC
|d TXA
|d UtOrBLW
|
| 049 |
|
|
|a TXAM
|c [1442176]
|
| 050 |
0 |
0 |
|a PN1997
|b .D314 1981
|
| 082 |
0 |
|
|a 791.43/72
|2 19
|
| 100 |
1 |
|
|a Robinson, Casey.
|
| 245 |
1 |
0 |
|a Dark victory /
|c edited with an introduction by Bernard F. Dick.
|
| 263 |
|
|
|a 8110
|
| 264 |
|
1 |
|a Madison, Wis. :
|b Published for the Wisconsin Center for Film and Theater Research by the University of Wisconsin Press,
|c 1981.
|
| 300 |
|
|
|a 213 pages :
|b illustrations ;
|c 23 cm.
|
| 336 |
|
|
|a text
|b txt
|2 rdacontent
|
| 337 |
|
|
|a unmediated
|b n
|2 rdamedia
|
| 338 |
|
|
|a volume
|b nc
|2 rdacarrier
|
| 490 |
0 |
|
|a Wisconsin/Warner Bros. screenplay series
|
| 500 |
|
|
|a "Screenplay by Casey Robinson from the play by George Brewer, Jr. and Bertram Bloch"--page 53.
|
| 504 |
|
|
|a Includes bibliographical references.
|
| 700 |
1 |
|
|a Dick, Bernard F.
|
| 700 |
1 |
|
|a Brewer, George,
|d 1899-1968.
|t Dark victory.
|
| 710 |
2 |
|
|a Wisconsin Center for Film and Theater Research.
|
| 999 |
|
|
|a MARS
|
| 999 |
f |
f |
|s 1d31994e-ecee-3c02-a1fe-d3c8df625bf4
|i 7d0c4617-9d2e-39a9-aaa4-d37af795f433
|t 0
|
| 952 |
f |
f |
|p ric
|a Texas A&M University
|b Rellis Campus
|c Joint Library Facility
|d Remote Storage
|t 0
|e PN1997 .D314 1981
|h Library of Congress classification
|i unmediated -- volume
|m A14806178125
|
| 998 |
f |
f |
|a PN1997 .D314 1981
|t 0
|l Remote Storage
|